[Event "British Champions"]
[Site "SchemingMind.com"]
[Date "2008.05.04"]
[Round "-"]
[White "Schaakmaatje"]
[Black "CenturyBugs"]
[Result "1-0"]
[WhiteCountry "NED"]
[BlackCountry "ENG"]
[WhiteElo "1804"]
[WhiteRD "46"]
[BlackElo "2006"]
[BlackRD "71"]
[GameID "152799"]

1. e4 c6 2. d4 d5 3. Nc3 dxe4 4. Nxe4 Bf5 5. Ng3 Bg6 6. h4 h6 7. Nf3 Nd7 8. h5 Bh7 9. Bd3 Bxd3 10. Qxd3 e6
11. Bf4 Be7 12. O-O-O Ngf6 13. Ne5 Nxe5 14. dxe5 Qxd3 15. Rxd3 Nd5 16. Ne2 Bc5 17. Bg3 Nb4 18. Ra3 a6 19. Rd1 Rd8 20. Rxd8+ Kxd8
21. Rf3 Rf8 22. a3 Nd5 23. c4 Nb6 24. b4 Be7 25. Rd3+ Kc7 26. Rd4 c5 27. Rg4 cxb4 28. c5 Bxc5 29. axb4 Be7 30. Nc3 Rg8
31. Kb2 g6 32. hxg6 Rxg6 33. Re4 Nd5 34. Nxd5+ exd5 35. Rf4 Kc6 36. Kb3 Rg7 37. Rf3 h5 38. Rc3+ Kb6 39. f4 Ka7 40. Bf2+ Kb8
41. g3 Rg4 42. Rd3 h4 43. Be1 h3 44. Rd2 Rg8 45. Rh2 Rh8 46. Bc3 Rh6 47. Bd4 Kc7 48. f5 Kc6 49. Bf2 Rh5 50. g4 Rh7
51. Be1 Kb5 52. f6 Bf8 53. g5 Rh8 54. Bf2 Bxb4 55. e6 Bd6 56. exf7 Be5 57. Bg3 Bxg3 58. g6 Bxh2 59. g7 Rb8 60. g8=Q a5
61. f8=Q a4+ 62. Ka2 Rxf8 63. Qxf8 Kc6 64. Qc8+ Kb6 65. Qxh3 Bd6 66. Qe6 Kc5 67. f7 b5 68. Qc8+ Kd4 69. f8=Q Bxf8 70. Qxf8 Kd3
71. Qb4 d4 72. Qxb5+ Kc3 73. Qxa4 Kd3 74. Qd1+ Kc4 75. Kb2 Kd5 76. Qd3 Ke5 77. Kb3 Kd5 78. Kb4 Ke5 79. Kc5 Kf6 80. Kd6 Kg5
81. Ke6 Kf4 82. Qxd4+ Kg3 83. Qe3+ Kg2 84. Kf5 Kf1 85. Kg4 Kg2 86. Qe2+ Kg1 87. Kh3 Kh1 88. Qf1#
1-0

[Event "British Champions"]
[Site "SchemingMind.com"]
[Date "2008.05.01"]
[Round "-"]
[White "CenturyBugs"]
[Black "Schaakmaatje"]
[Result "1-0"]
[WhiteCountry "ENG"]
[BlackCountry "NED"]
[WhiteElo "2088"]
[WhiteRD "67"]
[BlackElo "1768"]
[BlackRD "47"]
[GameID "152800"]

1. d4 Nf6 2. Nf3 d5 3. c4 c6 4. Nc3 e6 5. e3 Bd6 6. Bd3 dxc4 7. Bxc4 O-O 8. O-O Nbd7 9. Qd3 Qc7 10. h4 h6
11. e4 e5 12. Be3 exd4 13. Qxd4 Bc5 14. Qd2 Bxe3 15. Qxe3 Nb6 16. Bb3 Bg4 17. Rfe1 Rfe8 18. Rad1 Rad8 19. a3 Rxd1 20. Rxd1 Rd8
21. Rd3 a5 22. Rxd8+ Qxd8 23. Ne5 Bh5 24. Kf1 Ng4 25. Nxg4 Bxg4 26. Bxf7+ Kxf7 27. Qf4+ Kg8 28. Qxg4 Qe7 29. h5 Qd6 30. Ke2
1-0

[Event "British Champions"]
[Site "SchemingMind.com"]
[Date "2008.05.01"]
[Round "-"]
[White "Talis"]
[Black "Schaakmaatje"]
[Result "1-0"]
[WhiteCountry "LTU"]
[BlackCountry "NED"]
[WhiteElo "2129"]
[WhiteRD "92"]
[BlackElo "1760"]
[BlackRD "46"]
[GameID "152812"]

1. e4 e5 2. Nc3 Bc5 3. f4 d6 4. Nf3 Bg4 5. Na4 Bb6 6. Nxb6 axb6 7. fxe5 dxe5 8. Bc4 Nf6 9. Bxf7+ Kxf7 10. Nxe5+ Ke8
11. Nxg4 Nxe4 12. Qe2 Qe7 13. O-O Nd7 14. Re1 Qc5+ 15. Nf2 Nf6 16. d3
1-0

[Event "British Champions"]
[Site "SchemingMind.com"]
[Date "2008.04.30"]
[Round "-"]
[White "Talis"]
[Black "CenturyBugs"]
[Result "1-0"]
[WhiteCountry "LTU"]
[BlackCountry "ENG"]
[WhiteElo "2129"]
[WhiteRD "92"]
[BlackElo "2062"]
[BlackRD "78"]
[GameID "152813"]

1. e4 c6 2. d4 d5 3. e5 Bf5 4. Nc3 Qb6 5. Nf3 e6 6. Be2 Be7 7. O-O Nd7 8. Rb1 O-O-O 9. b4 Bxb4 10. Nb5 cxb5
11. Rxb4 f6 12. Bxb5 Qa5 13. a3 Qc7 14. c4 a5 15. Ra4 fxe5 16. Bxd7+ Rxd7 17. Nxe5 b5 18. Nxd7 bxa4 19. Nc5 dxc4 20. Qxa4 Ne7
21. Qxc4 Qc6 22. Bd2 Rd8 23. Rc1 Rd5 24. Qb3 Rxd4 25. Be3 Rd5 26. h3 Qc7 27. Na6 Qxc1+ 28. Bxc1 Bg6 29. Be3 Bf5 30. Bg5 Nc6
31. Qb6 Rd1+ 32. Kh2 Kd7 33. Qc7+ Ke8 34. Qxg7 Rh1+ 35. Kxh1 Be4 36. Nc7#
1-0

[Event "British Champions"]
[Site "SchemingMind.com"]
[Date "2008.05.01"]
[Round "-"]
[White "CenturyBugs"]
[Black "Talis"]
[Result "0-1"]
[WhiteCountry "ENG"]
[BlackCountry "LTU"]
[WhiteElo "2088"]
[WhiteRD "67"]
[BlackElo "2180"]
[BlackRD "91"]
[GameID "152815"]

1. Nf3 f5 2. d4 Nf6 3. Bf4 d6 4. Nc3 g6 5. e3 Bg7 6. Bc4 e6 7. O-O O-O 8. Bb3 c6 9. Ng5 Qe7 10. Qd3 b6
11. Rfd1 h6 12. Nf3 a5 13. Rac1 Nh5 14. Re1 b5 15. a3 Kh7 16. Ne2 e5 17. Nxe5 dxe5 18. Bxe5 Bxe5 19. dxe5 Qxe5 20. Qd4 Nd7
21. Red1 c5 22. Qxe5 Nxe5 23. a4 c4 24. Ba2 b4 25. Rd5 Re8 26. Rcd1 Nf6 27. R5d4 Ba6 28. Ng3 Re6 29. Ne2 Nc6 30. Rd6 Rxd6
31. Rxd6 Rd8 32. Rxd8 Nxd8 33. Nd4 Nd5 34. g3 b3 35. cxb3 c3 36. e4 fxe4 37. Bb1 Bd3 38. bxc3 Bxb1 39. c4 Nb4 40. h4 Ba2
41. c5 Nbc6 42. Ne2 Bxb3 43. Nc3 Bc2 44. Nd5 Ne6 45. Kf1 Nxc5 46. Ke1 Bxa4 47. Nc3 Ne5 48. Kf1 Bc6 49. Kg1 a4 50. Na2 a3
51. h5 gxh5 52. Nc3 Bd5 53. Kf1 Bb3 54. Kg2 Na4 55. Nb1 a2 56. Nd2 Bd5 57. Kh3 a1=Q 58. Kh2 Ng4+ 59. Kg2 e3+ 60. Nf3 exf2
61. Kh3 Qh1+ 62. Nh2 Qxh2#
0-1

[Event "British Champions"]
[Site "SchemingMind.com"]
[Date "2008.05.07"]
[Round "-"]
[White "_keyes"]
[Black "CenturyBugs"]
[Result "0-1"]
[WhiteCountry "ENG"]
[BlackCountry "ENG"]
[WhiteElo "1974"]
[WhiteRD "66"]
[BlackElo "2077"]
[BlackRD "67"]
[GameID "153196"]

1. d4 d5 2. c4 dxc4 3. Nf3 Nf6 4. e3 Bg4 5. Bxc4 e6 6. Qb3 Bxf3 7. gxf3 b6 8. Nc3 Be7 9. Bd2 O-O 10. O-O-O c6
11. Rdg1 c5 12. Ne2 cxd4 13. Nxd4 Qc7 14. Kb1 Nbd7 15. Qd3 Ne5 16. Nxe6 fxe6 17. Bxe6+ Kh8 18. Qe2 Qc6 19. Bb3 Nxf3 20. Rc1 Qe4+
21. Bc2 Nxd2+ 22. Qxd2 Qf3 23. Rhg1 Rac8 24. Rg3 Qc6 25. Rcg1 Ne4 26. Bxe4 Qxe4+ 27. Ka1 Rc2 28. Qd4 Qxd4 29. exd4 Rcxf2 30. a3 Bf6
31. Rd1 Rxh2 32. Kb1 Rd8 33. Rgd3 g5 34. b4 Rd5 35. Rc3 Rd7 36. Rc8+ Kg7 37. Rc4 Rh4 38. Kc2 Rhxd4 39. Rdxd4 Bxd4
0-1

[Event "British Champions"]
[Site "SchemingMind.com"]
[Date "2008.05.07"]
[Round "-"]
[White "_keyes"]
[Black "Talis"]
[Result "0-1"]
[WhiteCountry "ENG"]
[BlackCountry "LTU"]
[WhiteElo "1974"]
[WhiteRD "66"]
[BlackElo "2191"]
[BlackRD "94"]
[GameID "153197"]

1. d4 Nf6 2. c4 g6 3. Nc3 Bg7 4. e4 d6 5. f3 O-O 6. Be3 a6 7. Qd2 c6 8. Bh6 Bxh6 9. Qxh6 b5 10. h4 Nbd7
11. h5 gxh5 12. O-O-O b4 13. Nce2 Qa5 14. Kb1 Kh8 15. Ng3 Rg8 16. Nf5 Qd8 17. Ne2 c5 18. e5 Nxe5 19. Nxe7 Qxe7 20. dxe5 dxe5
21. Nc1 Bf5+ 22. Nd3 Rad8 23. Ka1 Rg6 24. Qe3 Rd4 25. Rh2 Qd6 26. Rh1 e4 27. fxe4 Bxe4 28. Be2 Rg3
0-1

[Event "British Champions"]
[Site "SchemingMind.com"]
[Date "2008.05.07"]
[Round "-"]
[White "Schaakmaatje"]
[Black "_keyes"]
[Result "0-1"]
[WhiteCountry "NED"]
[BlackCountry "ENG"]
[WhiteElo "1760"]
[WhiteRD "46"]
[BlackElo "1970"]
[BlackRD "72"]
[GameID "153198"]

1. e4 c5 2. Nf3 d6 3. d4 cxd4 4. Nxd4 Nf6 5. Nc3 a6 6. a4 e5 7. Nb3 Be6 8. Bg5 Be7 9. Bxf6 Bxf6 10. Nd5 Bxd5
11. exd5 Nd7 12. Be2 O-O 13. a5 Rc8 14. Ra4 Nc5 15. Nxc5 Rxc5 16. O-O Rxa5 17. Rb4 Qc7 18. c3 Rc5 19. Rg4 b5 20. Bd3 g6
21. Be4 Bg7 22. Rg3 f5 23. Bc2 a5 24. h4 a4 25. h5 Rf6 26. Re1 Qf7 27. hxg6 hxg6 28. Qd2 Rxd5
0-1

[Event "British Champions"]
[Site "SchemingMind.com"]
[Date "2008.05.07"]
[Round "-"]
[White "CenturyBugs"]
[Black "_keyes"]
[Result "1/2-1/2"]
[WhiteCountry "ENG"]
[BlackCountry "ENG"]
[WhiteElo "2047"]
[WhiteRD "67"]
[BlackElo "1993"]
[BlackRD "68"]
[GameID "153199"]

1. e4 c5 2. Nf3 d6 3. Bb5+ Bd7 4. Bxd7+ Qxd7 5. O-O e6 6. d4 cxd4 7. Qxd4 Nc6 8. Qe3 Nf6 9. Nc3 Be7 10. Rd1 Qc7
11. Nb5 Qb8 12. Qf4 e5 13. Qg3 g6 14. Qh4 Nh5 15. Bg5 f6 16. Be3 O-O 17. Qg4 Ng7 18. Bh6 a6 19. Nc3 Rf7 20. Nd5 Bd8
21. Bxg7 Kxg7 22. Ne3 Kf8 23. Nc4 Bc7 24. Qe6 Nd8 25. Qd5 b5 26. Ne3 Qb7 27. a4 b4 28. Rd2 Qxd5 29. Nxd5 Ba5 30. g3 Ne6
31. Re2 Kg7 32. Kg2 Rc8 33. Rd1 Rc6 34. b3 Rb7 35. h3 Bd8 36. Rd3 a5 37. Rd1 Rb8 38. Ne3 Nc5 39. Nd2 Kf7 40. Nd5 Ne6
41. Nc4 Nd4 42. Red2 Ke6 43. Nf4+ Kf7 44. Ne2 Nxe2 45. Rxe2 Ke6 46. Red2 Bc7 47. Rd5 Ra8 48. f4 Raa6 49. Kf3 h6 50. Ke3 Bb6+
51. Kd2 Bc5 52. Ke2 exf4 53. gxf4 Rc8 54. h4 Rg8 55. Kf3 g5 56. hxg5 hxg5 57. fxg5 fxg5 58. Kg4 Rf8 59. Kxg5 Ra7 60. Rf5 Rg8+
61. Kh6 Rh8+ 62. Kg6 Rg8+ 63. Kh6 Rh8+=
1/2-1/2

[Event "British Champions"]
[Site "SchemingMind.com"]
[Date "2008.05.07"]
[Round "-"]
[White "Talis"]
[Black "_keyes"]
[Result "1-0"]
[WhiteCountry "LTU"]
[BlackCountry "ENG"]
[WhiteElo "2129"]
[WhiteRD "92"]
[BlackElo "1970"]
[BlackRD "72"]
[GameID "153200"]

1. e4 c5 2. f4 d5 3. exd5 Qxd5 4. Nc3 Qd8 5. Nf3 e6 6. Ne5 a6 7. b3 Nf6 8. Bb2 Qc7 9. Bd3 Nbd7 10. Ne4 Nxe4
11. Bxe4 Nf6 12. Bf3 Bd6 13. O-O O-O 14. Qe2 Rb8 15. Nc4 Be7 16. Be5
1-0

[Event "British Champions"]
[Site "SchemingMind.com"]
[Date "2008.05.12"]
[Round "-"]
[White "badbishop"]
[Black "_keyes"]
[Result "1-0"]
[WhiteCountry "POL"]
[BlackCountry "ENG"]
[WhiteElo "2195"]
[WhiteRD "71"]
[BlackElo "1993"]
[BlackRD "68"]
[GameID "153930"]

1. e4 c5 2. Nf3 d6 3. d4 cxd4 4. Nxd4 Nf6 5. Nc3 a6 6. f4 e6 7. Qf3 Qc7 8. g4 Be7 9. g5 Nfd7 10. h4 b5
11. Bd3 b4 12. Nce2 Bb7 13. Be3 Nc5 14. f5 e5 15. Nb3 Nbd7 16. Nxc5 Nxc5 17. f6 Bf8 18. O-O-O Nxd3+ 19. Rxd3 a5 20. Rhd1 Rc8
21. R1d2 g6 22. Kb1 Ba6 23. Rd5 Bc4 24. Ng3 Bxd5 25. exd5 h6 26. h5 hxg5 27. hxg6 fxg6 28. Qg4 Qd7 29. f7+ Kd8 30. Bb6+ Rc7
31. Qxg5+ Qe7 32. Qxg6 Kc8 33. Bxc7 Kxc7 34. Rf2 Qh4 35. Rf1 Qh6 36. Qd3 Qg5 37. Ne4 Qg2 38. Qc4+ Kd8 39. a3 bxa3 40. bxa3 Rh1
41. Rxh1 Qxh1+ 42. Ka2 Qf3 43. Qa4 Qxf7 44. Qxa5+ Qc7 45. Qa8+ Ke7 46. Qa4 Bh6 47. c4 Be3 48. Qb5 Bb6 49. a4 Ba5 50. c5 dxc5
51. d6+
1-0

[Event "British Champions"]
[Site "SchemingMind.com"]
[Date "2008.05.12"]
[Round "-"]
[White "badbishop"]
[Black "Schaakmaatje"]
[Result "1-0"]
[WhiteCountry "POL"]
[BlackCountry "NED"]
[WhiteElo "2271"]
[WhiteRD "65"]
[BlackElo "1760"]
[BlackRD "46"]
[GameID "153931"]

1. d4 d5 2. c4 c6 3. Nf3 e6 4. e3 Nf6 5. Nbd2 Bb4 6. a3 Be7 7. Bd3 O-O 8. O-O h6 9. e4 dxe4 10. Nxe4 Nxe4
11. Bxe4 Bd7 12. Qe2 Na6 13. Bc2 Nc7 14. Bf4 Ne8 15. Rad1 Nf6 16. Rfe1 Be8 17. Ne5 Bd6 18. Qf3 Qc7 19. c5 Be7 20. Ng6
1-0

[Event "British Champions"]
[Site "SchemingMind.com"]
[Date "2008.05.12"]
[Round "-"]
[White "badbishop"]
[Black "CenturyBugs"]
[Result "1/2-1/2"]
[WhiteCountry "POL"]
[BlackCountry "ENG"]
[WhiteElo "2225"]
[WhiteRD "64"]
[BlackElo "2088"]
[BlackRD "67"]
[GameID "153932"]

1. d4 d5 2. c4 c6 3. Nf3 e6 4. e3 Nf6 5. Nbd2 c5 6. cxd5 exd5 7. Bb5+ Bd7 8. Bxd7+ Nbxd7 9. O-O Bd6 10. b3 cxd4
11. Nxd4 Qc7 12. Nb5 Bxh2+ 13. Kh1 Qa5 14. Kxh2 Qxb5 15. Ba3 Qa6 16. Qc1 Qd3 17. Nf3 Ng4+ 18. Kg1 Qa6 19. Nd4 Qh6 20. Qc7 Qa6
21. Bd6 Qb6 22. Rac1 Qxc7 23. Rxc7 Rb8 24. Rfc1 Rd8 25. Rxb7 a5 26. Rcc7 Ngf6 27. Nc6 h5 28. Nxd8 Kxd8 29. Ra7 Nb6 30. Rxf7 Nc8
31. Rxg7 Nxd6 32. Rxa5 Re8 33. a4 Re5 34. Ra6 Nfe8 35. b4 Nxg7 36. Rxd6+ Kc7 37. Rh6 Re4 38. Rh7 Re7 39. Kf1 Kb6 40. Ke2 d4
41. Kd3 dxe3 42. fxe3 Nf5 43. Rxe7 Nxe7 44. e4 h4 45. Ke3 Nc6 46. b5 Nd8 47. Kf4 Ka5 48. e5 Kxa4 49. Kf5 Kxb5 50. e6 Nb7
51. e7= Nd6+ 52. Kg4 Kc6 53. Kxh4=
1/2-1/2

[Event "British Champions"]
[Site "SchemingMind.com"]
[Date "2008.05.12"]
[Round "-"]
[White "badbishop"]
[Black "Talis"]
[Result "0-1"]
[WhiteCountry "POL"]
[BlackCountry "LTU"]
[WhiteElo "2195"]
[WhiteRD "71"]
[BlackElo "2207"]
[BlackRD "90"]
[GameID "153933"]

1. d4 f5 2. g3 Nf6 3. Bg2 g6 4. Nf3 Bg7 5. O-O O-O 6. c4 d6 7. Nc3 Qe8 8. d5 Na6 9. Rb1 c6 10. b4 Bd7
11. dxc6 bxc6 12. a3 Nc7 13. Bb2 a5 14. b5 Rb8 15. a4 Ne6 16. Nd2 Nc5 17. Ba3 Ng4 18. Qc2 Bxc3 19. Qxc3 Nxa4 20. Qb3 Nc5
21. Bxc5 dxc5 22. b6 Qd8 23. Rfd1 e5 24. h3 Nf6 25. Nf3 Qe7 26. Qc3 e4 27. Ne5 Rb7
0-1

[Event "British Champions"]
[Site "SchemingMind.com"]
[Date "2008.05.12"]
[Round "-"]
[White "_keyes"]
[Black "badbishop"]
[Result "0-1"]
[WhiteCountry "ENG"]
[BlackCountry "POL"]
[WhiteElo "1993"]
[WhiteRD "68"]
[BlackElo "2195"]
[BlackRD "71"]
[GameID "153934"]

1. d4 Nf6 2. c4 g6 3. Nc3 Bg7 4. e4 d6 5. f3 c6 6. Be3 a6 7. a4 a5 8. Bd3 Na6 9. Nge2 Nb4 10. g4 e5
11. d5 Bxg4 12. fxg4 Nxg4 13. Bf2 Nxf2 14. Kxf2 f5 15. h4 O-O 16. exf5 gxf5 17. Qd2 e4 18. Bb1 Qe7 19. Qg5 Qxg5 20. hxg5 cxd5
21. cxd5 Rac8 22. Rh3 Be5 23. Ra3 Rc4 24. Rb3 Rf7 25. Rh1 Rg7 26. Rg1 Nd3+ 27. Kf1 Nc5 28. Rb5 Nxa4 29. Rxa5 Nxb2 30. Ra8+ Kf7
31. Ra7 Kg6 32. Ra3 Nd3 33. Nd1 Nf4 34. Ne3 Rb4 35. Bc2 Rc7 36. Ra2 Nd3 37. Ba4 Rb1+ 38. Nd1 b5 39. Bxb5 Rxd1+ 40. Kg2 Rxg1+
41. Kxg1 Nf4 42. Ng3 Rc1+ 43. Kf2 Bd4#
0-1

[Event "British Champions"]
[Site "SchemingMind.com"]
[Date "2008.05.12"]
[Round "-"]
[White "Schaakmaatje"]
[Black "badbishop"]
[Result "0-1"]
[WhiteCountry "NED"]
[BlackCountry "POL"]
[WhiteElo "1760"]
[WhiteRD "46"]
[BlackElo "2271"]
[BlackRD "65"]
[GameID "153935"]

1. g4 d5 2. Bg2 c6 3. c4 dxc4 4. h3 g6 5. Nc3 Bg7 6. Qa4 Be6 7. Nf3 Nd7 8. O-O b5 9. Qc2 Rc8 10. d4 cxd3
11. exd3 Ngf6 12. Bf4 O-O 13. Rae1 Nd5 14. Nxd5 Bxd5 15. Re2 e6 16. b3 Qb6 17. Be3 Qb7 18. Bg5 c5 19. Rfe1 Bxf3
0-1

[Event "British Champions"]
[Site "SchemingMind.com"]
[Date "2008.05.12"]
[Round "-"]
[White "CenturyBugs"]
[Black "badbishop"]
[Result "0-1"]
[WhiteCountry "ENG"]
[BlackCountry "POL"]
[WhiteElo "2047"]
[WhiteRD "67"]
[BlackElo "2195"]
[BlackRD "71"]
[GameID "153936"]

1. e4 e6 2. d4 d5 3. Nc3 Nf6 4. Bg5 dxe4 5. Nxe4 Be7 6. Bxf6 Bxf6 7. Nf3 Nd7 8. Qd2 O-O 9. Bd3 b6 10. O-O Bb7
11. c3 c5 12. Neg5 Bxf3 13. Nxf3 cxd4 14. Nxd4 Bxd4 15. cxd4 Nf6 16. Qf4 Qd7 17. Rfc1 Rfd8 18. Rc4 Rac8 19. Rac1 Rxc4 20. Rxc4 Nd5
21. Qe5 g6 22. g4 Qe7 23. g5 Qb7 24. Bc2 Qa6 25. Bb3 Qa5 26. Rc2 Nb4 27. Rc7 Qxe5 28. dxe5 Nd3 29. Rxa7 Nxe5 30. Rb7 Rd6
31. Kg2 Nd3 32. Kf3 Nxb2 33. Ke2 Nd3 34. Ke3 Nc5 35. Rc7 Rd3+ 36. Ke2 Rh3 37. Bc4 Rxh2 38. Ke3 Rh1 39. Rc8+ Kg7 40. Rc7 Rc1
41. Bb5 Rc3+ 42. Kd4 Rf3 43. Rc6 Rxf2 44. Rxb6 Na4 45. Bxa4 Rf4+ 46. Ke5 Rxa4 47. Rb5 Rxa2 48. Rb1 Rg2 49. Kf4 h6 50. gxh6+ Kxh6
51. Rf1 Rg5 52. Ke4 Kg7 53. Rf3 Rf5 54. Rxf5 gxf5+ 55. Ke3 Kf6
0-1

[Event "British Champions"]
[Site "SchemingMind.com"]
[Date "2008.05.12"]
[Round "-"]
[White "Talis"]
[Black "badbishop"]
[Result "1-0"]
[WhiteCountry "LTU"]
[BlackCountry "POL"]
[WhiteElo "2180"]
[WhiteRD "91"]
[BlackElo "2225"]
[BlackRD "64"]
[GameID "153937"]

1. e4 e6 2. d4 d5 3. e5 c5 4. c3 Nc6 5. Nf3 Bd7 6. Be2 Rc8 7. O-O a6 8. a3 Nge7 9. dxc5 Ng6 10. b4 Ncxe5
11. Nxe5 Nxe5 12. Ra2 Be7 13. f4 Nc4 14. Bxc4 dxc4 15. Qe2 O-O 16. Rd1 Qc7 17. Qxc4 Ba4 18. Re1 Bh4 19. g3 Bf6 20. Be3 Bc6
21. Rd2 e5 22. Qf1 Rfe8 23. c4 Qe7 24. Bd4 exd4 25. Rxe7 Rxe7 26. Kf2 Rce8 27. b5 Be4 28. a4 d3 29. Rxd3 Bxd3 30. Qxd3 Re4
31. c6 bxc6 32. bxc6 Bd4+ 33. Kg2 Re2+ 34. Kh3 Bb6 35. c5 Bxc5 36. c7
1-0

[Event "British Champions"]
[Site "SchemingMind.com"]
[Date "2008.05.07"]
[Round "-"]
[White "esteves101"]
[Black "_keyes"]
[Result "1-0"]
[WhiteCountry "PHI"]
[BlackCountry "ENG"]
[WhiteElo "2096"]
[WhiteRD "62"]
[BlackElo "1974"]
[BlackRD "66"]
[GameID "153943"]

1. e4 c5 2. Nc3 a6 3. Nf3 d6 4. Bc4 e6 5. d3 Nc6 6. O-O b5 7. Bb3 Qc7 8. Bf4 Be7 9. Qd2 Bf6 10. Bg5 Bd7
11. a3 Rc8 12. Kh1 Nd4 13. Nxd4 Bxd4 14. a4 Nf6 15. axb5 axb5 16. Ra2 h6 17. Bh4 g5 18. Bg3 Nh5 19. Ne2 Bg7 20. c3 O-O
21. Rfa1 Nxg3+ 22. Nxg3 Bc6 23. f4 gxf4 24. Qxf4 Ra8 25. Nh5 Rxa2 26. Bxa2 Ra8 27. Qg4 f6 28. Bxe6+ Kf8 29. Rf1 Be8 30. Nxf6 Bxf6
31. Qf4
1-0

[Event "British Champions"]
[Site "SchemingMind.com"]
[Date "2008.05.12"]
[Round "-"]
[White "esteves101"]
[Black "badbishop"]
[Result "1-0"]
[WhiteCountry "PHI"]
[BlackCountry "POL"]
[WhiteElo "2081"]
[WhiteRD "62"]
[BlackElo "2225"]
[BlackRD "64"]
[GameID "153944"]

1. e4 c6 2. Nc3 d5 3. exd5 cxd5 4. Bb5+ Nc6 5. Nf3 Nf6 6. O-O Bg4 7. d4 e6 8. h3 Bxf3 9. Qxf3 Qb6 10. Qg3 a6
11. Bxc6+ bxc6 12. Rd1 Qb8 13. Qh4 Be7 14. Rd3 Ra7 15. b3 O-O 16. Bg5 Qd8 17. Re1 Ne8 18. Bxe7 Qxe7 19. Qxe7 Rxe7 20. Kh2 Nd6
21. Kg3 Rc8 22. Kf3 c5 23. Nxd5 Rd7 24. Nb6
1-0

[Event "British Champions"]
[Site "SchemingMind.com"]
[Date "2008.05.07"]
[Round "-"]
[White "esteves101"]
[Black "Schaakmaatje"]
[Result "1-0"]
[WhiteCountry "PHI"]
[BlackCountry "NED"]
[WhiteElo "2096"]
[WhiteRD "62"]
[BlackElo "1802"]
[BlackRD "48"]
[GameID "153945"]

1. e4 c5 2. Nc3 d6 3. Nf3 h6 4. Bb5+ Nc6 5. d4 cxd4 6. Nxd4 Bd7 7. O-O g6 8. Nxc6 Bxc6 9. Qd4 e5 10. Qd3 Nf6
11. Bc4 Bg7 12. Rd1 Bf8 13. a4 Be7 14. f3 Qb6+ 15. Be3 Qc7 16. Nb5 Bxb5 17. Bxb5+ Kf8 18. Bc4 Kg7 19. b3 Rac8 20. c3 a6
21. a5 Rhd8 22. Bb6 Qc6 23. Bxd8 Rxd8 24. Kh1 Ne8 25. Bd5 Qc7 26. Bc4 Bg5 27. g3 Qc5 28. h4 Be7 29. Bd5 Qf2 30. f4 exf4
31. Rf1 Qc5 32. Rxf4 Bf6 33. Raf1 Rd7 34. Qf3 Qxc3 35. Qxc3 Bxc3 36. Rxf7+
1-0

[Event "British Champions"]
[Site "SchemingMind.com"]
[Date "2008.05.10"]
[Round "-"]
[White "esteves101"]
[Black "CenturyBugs"]
[Result "1-0"]
[WhiteCountry "PHI"]
[BlackCountry "ENG"]
[WhiteElo "2129"]
[WhiteRD "63"]
[BlackElo "2047"]
[BlackRD "67"]
[GameID "153946"]

1. e4 e5 2. Nf3 Nc6 3. Bb5 a6 4. Bxc6 dxc6 5. d3 Bd6 6. O-O Bg4 7. h3 Bd7 8. Na3 Bxa3 9. bxa3 Qe7 10. Rb1 b6
11. a4 a5 12. c4 c5 13. Bd2 f6 14. Re1 Bc6 15. Nh4 Qd7 16. Qh5+ Kf8 17. Re3 Qf7 18. Qd1 Ne7 19. Bc3 Qe6 20. Rf3 Kf7
21. Nf5 Rad8 22. Nxe7 Kxe7 23. Rg3 g6 24. Qc1 Bxa4 25. f4 Bc6 26. fxe5 fxe5 27. Qh6 Kd7 28. Qg7+ Kc8 29. Bxe5 Bd7 30. Qxh8 Rxh8
31. Bxh8 Ba4 32. Rf3 Qd6 33. Kf2 h5 34. Bc3 Bc2 35. e5 Qd8 36. Re1 Bxd3 37. e6 Qh4+ 38. g3 Qxc4 39. Rxd3 Qxd3 40. e7 Qxc3
41. e8=Q+ Kb7 42. Qxg6 Qd4+ 43. Kf3 Qc3+ 44. Re3 Qa1 45. Qxh5 Qf1+ 46. Ke4 Qc4+ 47. Kf5 Qxa2 48. Qf3+ Ka6 49. Qe2+ Qxe2 50. Rxe2 Kb5
51. h4 Kc4 52. h5 Kd3 53. Re7 Kc4 54. h6 b5 55. h7 a4 56. h8=Q b4 57. Qg8+ Kb5 58. Rxc7 a3 59. Qe6 b3 60. Rb7+ Ka5
61. Qb6+ Ka4 62. Qb5#
1-0

[Event "British Champions"]
[Site "SchemingMind.com"]
[Date "2008.05.07"]
[Round "-"]
[White "esteves101"]
[Black "Talis"]
[Result "1-0"]
[WhiteCountry "PHI"]
[BlackCountry "LTU"]
[WhiteElo "2210"]
[WhiteRD "68"]
[BlackElo "2181"]
[BlackRD "97"]
[GameID "153947"]

1. e4 c5 2. Nc3 e6 3. Nf3 Nc6 4. Bb5 Nge7 5. O-O Ng6 6. d4 cxd4 7. Nxd4 Qc7 8. Be2 a6 9. Be3 b5 10. Kh1 Be7
11. a3 O-O 12. Qd2 Bb7 13. Nf3 Rac8 14. Rad1 Rfd8 15. Bg5 f6 16. Be3 d5 17. exd5 b4 18. axb4 Nxb4 19. Nd4 Nxd5 20. Nxe6 Nxc3
21. Nxc7 Rxd2 22. Bc4+ Kh8 23. Rxd2 Rxc7 24. Be6 Nf8 25. Bb3 Nb5 26. Rfd1 Rc8 27. c3 Bc6 28. f3 Nc7 29. Bb6 f5 30. Ra1 Bb7
31. Bc2 g6 32. Bd4+ Kg8 33. Bb3+ Bd5 34. Bxd5+ Nxd5 35. Rxa6 Kf7 36. Ra7 h5 37. Be5 Nb6 38. b3 Rc6 39. g3 Nc8 40. Rc7 Rxc7
41. Bxc7 Bf6 42. Bd8 Ne7 43. Rd3 Ne6 44. Bxe7 Kxe7 45. b4 f4 46. g4 hxg4 47. fxg4 g5 48. h3 Nd8 49. b5 Nb7 50. c4 Be5
51. b6 Ke6 52. Rd5 Bf6 53. Kg2 Be5 54. Rd1 Bd6 55. Rd5 Be7 56. Kf3 Nc5 57. h4 gxh4 58. Rh5 Kd7 59. Rh7 Kd6 60. Kxf4 Bd8
61. b7 Bc7 62. Kf5 Nxb7 63. g5 Kc6 64. g6 Nd6+ 65. Ke6 Ne8 66. Re7
1-0

[Event "British Champions"]
[Site "SchemingMind.com"]
[Date "2008.05.10"]
[Round "-"]
[White "_keyes"]
[Black "esteves101"]
[Result "0-1"]
[WhiteCountry "ENG"]
[BlackCountry "PHI"]
[WhiteElo "1974"]
[WhiteRD "66"]
[BlackElo "2096"]
[BlackRD "62"]
[GameID "153948"]

1. d4 Nf6 2. c4 e6 3. Nc3 Bb4 4. e3 O-O 5. Ne2 Nc6 6. a3 Be7 7. e4 d6 8. f3 Nd7 9. Be3 Nb6 10. b3 Bf6
11. Qd2 Na5 12. Qc2 Qe7 13. Ng3 Nc6 14. O-O-O e5 15. d5 Nd4 16. Bxd4 exd4 17. Nce2 a5 18. Nxd4 Qe5 19. Nge2 a4 20. b4 Re8
21. Qa2 Bd7 22. g3 c5 23. dxc6 bxc6 24. Bg2 Rac8 25. f4 Qe7 26. Kb1 c5 27. bxc5 Rxc5 28. Rc1 Rec8 29. Rhd1 Nxc4 30. Rd3 Be6
31. Nc3 Rb8+ 32. Ka1 Bxd4 33. Rxd4 Na5
0-1

[Event "British Champions"]
[Site "SchemingMind.com"]
[Date "2008.05.12"]
[Round "-"]
[White "badbishop"]
[Black "esteves101"]
[Result "1-0"]
[WhiteCountry "POL"]
[BlackCountry "PHI"]
[WhiteElo "2225"]
[WhiteRD "64"]
[BlackElo "2081"]
[BlackRD "62"]
[GameID "153949"]

1. e4 e5 2. Nf3 Nf6 3. Nxe5 Qe7 4. Nf3 Qxe4+ 5. Be2 Bd6 6. Nc3 Qf5 7. O-O O-O 8. d4 Re8 9. Bg5 Nd5 10. Nxd5 Qxd5
11. c4 Qc6 12. Re1 Bb4 13. d5 Qb6 14. Bd2 Bc5 15. Rf1 Qxb2 16. Bd3 h6 17. Re1 Rxe1+ 18. Qxe1 Kf8 19. Rb1 Qf6 20. Qe4 Qg6
21. Qe2 Qf6 22. Re1 Qe7 23. Qd1 Qf6 24. Bb1 Na6 25. Qc2 c6 26. Qh7 g5 27. h4 cxd5 28. hxg5 Bxf2+ 29. Kxf2
1-0

[Event "British Champions"]
[Site "SchemingMind.com"]
[Date "2008.05.10"]
[Round "-"]
[White "Schaakmaatje"]
[Black "esteves101"]
[Result "0-1"]
[WhiteCountry "NED"]
[BlackCountry "PHI"]
[WhiteElo "1768"]
[WhiteRD "47"]
[BlackElo "2081"]
[BlackRD "62"]
[GameID "153950"]

1. d4 Nf6 2. Bg5 h6 3. Bxf6 exf6 4. e3 d5 5. Bd3 Nc6 6. c3 Bd6 7. Qc2 Be6 8. Nd2 Qe7 9. Ne2 O-O-O 10. b4 Qd7
11. b5 Ne7 12. a4 Bf5 13. a5 Bxd3 14. Qxd3 Qg4 15. Ng3 Qg6 16. e4 Bxg3 17. Qxg3 dxe4 18. Qxg6 Nxg6 19. Nxe4 Rhe8 20. O-O Rxe4
0-1